El cardenal Mindszenty / (Record no. 149127)

MARC details
000 -LEADER
campo de control de longitud fija 00506nam a2200169 4500
001 - NÚMERO DE CONTROL
campo de control 149127
003 - IDENTIFICADOR DE NÚMERO DE CONTROL
campo de control ES-MaACL
005 - FECHA Y HORA DE LA ÚLTIMA TRANSACCIÓN
campo de control 20230906202948.0
007 - CAMPO FIJO DE DESCRIPCIÓN FÍSICA--INFORMACIÓN GENERAL
campo de control de longitud fija t|
008 - DATOS DE LONGITUD FIJA--INFORMACIÓN GENERAL
campo de control de longitud fija 070214s1952 sp r ||||1| spa d
100 1# - ENTRADA PRINCIPAL--NOMBRE DE PERSONA
Nombre de persona Szalay, Jerome.
9 (RLIN) 108981
245 13 - MENCIÓN DEL TÍTULO
Título El cardenal Mindszenty /
Mención de responsabilidad, etc. Jerome Szalay ; traducción de Aristides Gamboa.
260 ## - PUBLICACIÓN, DISTRIBUCIÓN, ETC.
Lugar de publicación, distribución, etc. Barcelona :
Nombre del editor, distribuidor, etc. Ed. Hispano Americana,
Fecha de publicación, distribución, etc. 1952.
300 ## - DESCRIPCIÓN FÍSICA
Extensión 204 p. ;
Dimensiones 19 cm.
700 1# - ENTRADA AGREGADA--NOMBRE PERSONAL
Nombre de persona Gamboa, Aristides.
9 (RLIN) 53763
852 ## - LOCALIZACIÓN
Ubicación ES-MaACL
Número de control de estantería D-5697
Sublocalización o colección R.32588
Holdings
Estatus retirado Estado de pérdida Estado de daño No para préstamo Biblioteca de origen Biblioteca actual Ubicación en estantería Fecha de adquisición Fuente de adquisición Total de préstamos Signatura topográfica completa Código de barras Visto por última vez Precio de reemplazo Tipo de ítem Koha
        Biblioteca del Ateneo de Madrid Biblioteca del Ateneo de Madrid Sala Valle Inclán 17/01/2008     D-5697 901155617 23/02/2023 23/02/2023 Libro impreso